<?xml version="1.0" encoding="UTF-8"?><?xml-stylesheet type="text/xsl" href="static/style.xsl"?><OAI-PMH xmlns="http://www.openarchives.org/OAI/2.0/" xmlns:xsi="http://www.w3.org/2001/XMLSchema-instance" xsi:schemaLocation="http://www.openarchives.org/OAI/2.0/ http://www.openarchives.org/OAI/2.0/OAI-PMH.xsd"><responseDate>2026-04-18T02:19:47Z</responseDate><request verb="GetRecord" identifier="oai:www.recercat.cat:10459.1/465551" metadataPrefix="marc">https://recercat.cat/oai/request</request><GetRecord><record><header><identifier>oai:recercat.cat:10459.1/465551</identifier><datestamp>2025-09-15T18:50:15Z</datestamp><setSpec>com_2072_3622</setSpec><setSpec>col_2072_479130</setSpec></header><metadata><record xmlns="http://www.loc.gov/MARC21/slim" xmlns:dcterms="http://purl.org/dc/terms/" xmlns:xsi="http://www.w3.org/2001/XMLSchema-instance" xmlns:doc="http://www.lyncode.com/xoai" xsi:schemaLocation="http://www.loc.gov/MARC21/slim http://www.loc.gov/standards/marcxml/schema/MARC21slim.xsd">
   <leader>00925njm 22002777a 4500</leader>
   <datafield ind2=" " ind1=" " tag="042">
      <subfield code="a">dc</subfield>
   </datafield>
   <datafield ind2=" " ind1=" " tag="720">
      <subfield code="a">Romero Morales, Yasmina</subfield>
      <subfield code="e">author</subfield>
   </datafield>
   <datafield ind2=" " ind1=" " tag="260">
      <subfield code="c">2018</subfield>
   </datafield>
   <datafield ind2=" " ind1=" " tag="520">
      <subfield code="a">El objetivo del presente artículo es poner el foco de atención en uno de los personajes marroquíes femeninos más habituales en la narrativa española del siglo XX, aquel influenciado por la mítica Sherezade. Para ello, se han analizado un total de sesenta y dos fuentes literarias —novelas y relatos— escritas únicamente por mujeres. La metodología utilizada, atravesada por la necesaria perspectiva de género, estará sustentada en las bases teóricas de las críticas postcoloniales y los estudios culturales.</subfield>
   </datafield>
   <datafield ind2=" " ind1=" " tag="520">
      <subfield code="a">The aim of this article is to focus on one of the most common Moroccan female characters in twentieth-century Spanish narrative, a character influenced by the mythical Scheherazade. The article analyzes the archetype in sixty-two literary sources —novels and short stories— written by women. The analysis takes a necessary gender perspective, and is grounded on the theoretical principles of postcolonial criticism and cultural studies.</subfield>
   </datafield>
   <datafield tag="653" ind2=" " ind1=" ">
      <subfield code="a">Sherezade</subfield>
   </datafield>
   <datafield tag="653" ind2=" " ind1=" ">
      <subfield code="a">Literatura española</subfield>
   </datafield>
   <datafield tag="653" ind2=" " ind1=" ">
      <subfield code="a">Mujeres escritoras</subfield>
   </datafield>
   <datafield tag="653" ind2=" " ind1=" ">
      <subfield code="a">Alteridad</subfield>
   </datafield>
   <datafield tag="653" ind2=" " ind1=" ">
      <subfield code="a">Orientalismo</subfield>
   </datafield>
   <datafield ind2="0" ind1="0" tag="245">
      <subfield code="a">De odaliscas, velos, harenes y babuchas: el arquetipo de Sherezade en la narrativa española del siglo XX</subfield>
   </datafield>
   <datafield ind2="0" ind1="0" tag="245">
      <subfield code="a">On Odalisques, Veils, Harems and Moorish Slippers: The Archetype of Scheherazade in 20thcentury Spanish Narrative</subfield>
   </datafield>
</record></metadata></record></GetRecord></OAI-PMH>